| 000 | 00342nam a2200133 a 4500 | ||
|---|---|---|---|
| 001 | 3910 | ||
| 003 | CDMR | ||
| 005 | 20130116135250.0 | ||
| 008 | 130130s1895||||||||||||||||||||||||||||d | ||
| 040 |
_aCDMR _bcat _cCDMR |
||
| 245 | 0 | _aAlmanaque del Diario de Barcelona para el año 1896 | |
| 260 |
_aBarcelona _c1895 _bDiario de Barcelona |
||
| 942 | _cMON | ||
| 999 |
_c3910 _d3910 |
||